000 00214 a2200097 4500
001 54757
090 _c33965
_d33965
100 _aUmaira Ahmad
245 _aSehar ik asat'ara hai
260 _aLahore
_bSagar Publications
_c2002
942 _aNUST-CAE
999 _c289830
_d289830